The sociology of knowledge (Record no. 293427)

MARC details
000 -LEADER
fixed length control field 00668nam a2200217Ia 4500
008 - FIXED-LENGTH DATA ELEMENTS--GENERAL INFORMATION
fixed length control field 191130s1999##################000#0#eng##
020 ## - INTERNATIONAL STANDARD BOOK NUMBER
ISBN 9781858985886
082 ## - DEWEY DECIMAL CLASSIFICATION NUMBER
Classification number 306.42 MEJ.1
245 ## - TITLE STATEMENT
Title The sociology of knowledge
Statement of responsibility, etc edited by Volker Meja and Nico Stehr
260 ## - PUBLICATION, DISTRIBUTION, ETC. (IMPRINT)
Place of publication Cheltenham, UK ; Northampton, MA
Name of publisher Edward Elgar Pub
Year of publication c1999
300 ## - PHYSICAL DESCRIPTION
Number of Pages 2 v. ; 25 cm.
500 ## - GENERAL NOTE
General note Includes bibliographical references and indexes
650 ## - SUBJECT ADDED ENTRY--TOPICAL TERM
Topical Term Knowledge, Sociology of
700 ## - ADDED ENTRY--PERSONAL NAME
Personal name Meja, Volker
Personal name Stehr, Nico
991 ## -
-- 212150
Holdings
Withdrawn status Lost status Damaged status Not for loan Home library Current library Shelving location Date acquired Full call number Accession Number Price effective from Koha item type
        Anna Centenary Library Anna Centenary Library 3RD FLOOR, B WING 15.10.2020 306.42 MEJ.1 359793 15.10.2020 English Books
        Anna Centenary Library Anna Centenary Library 3RD FLOOR, B WING 15.10.2020 306.42 MEJ.1 359794 15.10.2020 English Books

Find us on the map